[Event "4th HD Bank Cup 2014"]
[Site "Ho Chi Minh City VIE"]
[Date "2014.03.12"]
[Round "4.39"]
[White "Tran, Thi Mong Thu"]
[Black "Pham, Hoang Nhat Anh"]
[Result "1-0"]
[WhiteElo "1909"]
[BlackElo "1513"]
[WhiteFideId "12403415"]
[BlackFideId "12403148"]
[EventDate "2014.03.10"]

1. d4 c5 2. d5 f5 3. c4 d6 4. Nc3 g6 5. Qc2 Bg7 6. Bd2 Nf6 7. g3 O-O 8. Bg2 Nbd7
9. Nf3 Ng4 10. Rc1 a6 11. b3 Rb8 12. a4 Nde5 13. h4 h5 14. O-O Bd7 15. Ng5 Qc8
16. f4 Nf7 17. Qd3 b6 18. e3 Bf6 19. Bf3 Nxg5 20. hxg5 Bg7 21. Bxg4 hxg4 22. Kf2
Kf7 23. Rh1 Rh8 24. Rh4 Rxh4 25. gxh4 Qh8 26. Rh1 Qh7 27. Ne2 b5 28. axb5 axb5
29. Ng3 bxc4 30. bxc4 Rh8 31. e4 Bd4+ 32. Kg2 Ke8 33. exf5 Bxf5 34. Nxf5 gxf5
35. h5 Qf7 36. g6 Qf6 37. Be1 Qg7 38. Qxf5 Kd8 39. Ba5+ Ke8 40. Qc8# 1-0

[Event "4th HD Bank Cup 2014"]
[Site "Ho Chi Minh City VIE"]
[Date "2014.03.12"]
[Round "5.2"]
[White "Nguyen, Van Huy"]
[Black "Zhang, Zhong"]
[Result "0-1"]
[WhiteTitle "IM"]
[BlackTitle "GM"]
[WhiteElo "2414"]
[BlackElo "2600"]
[WhiteFideId "12401064"]
[BlackFideId "8600694"]
[EventDate "2014.03.10"]

1. d4 Nf6 2. Nf3 e6 3. g3 d5 4. Bg2 b5 5. O-O Nbd7 6. Bg5 Be7 7. Nbd2 Bb7 8. c3
c5 9. a4 b4 10. cxb4 cxb4 11. a5 O-O 12. Qa4 Ba6 13. Rfe1 Rc8 14. Bf1 Qc7 15. e3
Bxf1 16. Kxf1 h6 17. Bxf6 Nxf6 18. Red1 Qc2 19. Qxc2 Rxc2 20. Rab1 Rfc8 21. Ne1
R2c7 22. Ke2 Ne4 23. Nxe4 dxe4 24. f3 f5 25. d5 exd5 26. Rxd5 Rc5 27. fxe4 fxe4
28. Rd4 Rc4 29. Rd7 R8c7 30. Rbd1 Bf6 31. b3 Rc3 32. Rxc7 Rxc7 33. Rd6 Rc1 34.
Ra6 Bc3 35. Ng2 Rc2+ 36. Kf1 Rb2 37. Nf4 Rxb3 38. Rxa7 Rb1+ 39. Kg2 b3 40. Nd5
Be5 41. Ne7+ Kh7 42. Nc6 b2 43. Rb7 Rc1 44. Nxe5 b1=Q 45. Rxb1 Rxb1 46. g4 Ra1
47. Nc4 Kg6 48. Kg3 Kf6 49. Kf4 Ra4 50. Nd6 g5+ 51. Kg3 Ke6 52. Nf5 Ra3 53. Kf2
Ra2+ 54. Kg3 h5 55. Nd4+ Kf6 56. gxh5 Rxa5 57. Kg4 Ra2 58. h4 Rg2+ 59. Kh3 Rg1
60. hxg5+ Kxg5 61. Ne6+ Kf5 62. Kh2 Ra1 63. Nf4 Kg4 64. h6 Ra6 65. Kg2 Rxh6 66.
Ne2 Rh3 0-1

[Event "4th HD Bank Cup 2014"]
[Site "Ho Chi Minh City VIE"]
[Date "2014.03.12"]
[Round "5.4"]
[White "Nguyen, Ngoc Truong Son"]
[Black "Prasanna Raghuram Rao"]
[Result "1-0"]
[WhiteTitle "GM"]
[BlackTitle "IM"]
[WhiteElo "2613"]
[BlackElo "2410"]
[WhiteFideId "12401110"]
[BlackFideId "5022401"]
[EventDate "2014.03.10"]

1. Nf3 Nf6 2. g3 d5 3. Bg2 e6 4. O-O Be7 5. d3 b6 6. Nbd2 Bb7 7. e4 c5 8. Re1
Nc6 9. e5 Nd7 10. h4 Qc7 11. Qe2 h6 12. Nf1 g5 13. hxg5 hxg5 14. N1h2 Rxh2 15.
Nxh2 Ndxe5 16. Qh5 O-O-O 17. Bxg5 f6 18. Bf4 Bd6 19. Bxe5 Bxe5 20. c3 Rg8 21.
Ng4 Qg7 22. Nxe5 fxe5 23. Qh3 Nd8 24. g4 Nf7 25. Qg3 Qf6 26. Re3 Rg5 27. Rae1
Qg6 28. Qh2 Bc6 29. Rh3 Kb7 30. Ree3 Ka6 31. Reg3 e4 32. dxe4 dxe4 33. Rh5 Rxg4
34. Bf1+ Bb5 35. Bxb5+ Kxb5 36. Rh4 Rxg3+ 37. Qxg3 Ng5 38. Rg4 e3 39. Qxe3 1-0

[Event "4th HD Bank Cup 2014"]
[Site "Ho Chi Minh City VIE"]
[Date "2014.03.12"]
[Round "5.5"]
[White "Pham, Chuong"]
[Black "Gomez, John Paul"]
[Result "1/2-1/2"]
[WhiteTitle "FM"]
[BlackTitle "GM"]
[WhiteElo "2353"]
[BlackElo "2534"]
[WhiteFideId "12401218"]
[BlackFideId "5201381"]
[EventDate "2014.03.10"]

1. d4 d5 2. c4 c6 3. Nf3 Nf6 4. e3 Bf5 5. Nc3 e6 6. Nh4 Be4 7. f3 Bg6 8. g3 Be7
9. Nxg6 hxg6 10. cxd5 cxd5 11. Bd2 Nc6 12. Rc1 Bd6 13. Ne2 Qc7 14. Kf2 O-O 15.
Bg2 Rfe8 16. Re1 Qb6 17. Qb3 Qxb3 18. axb3 Nb4 19. Bxb4 Bxb4 20. Red1 Rec8 21.
Rxc8+ Rxc8 22. Rc1 Rxc1 23. Nxc1 Kf8 24. Na2 Bd6 25. Bf1 Ke7 26. Bd3 Ne8 27. Nc3
Nc7 28. Nb5 Nxb5 29. Bxb5 a6 30. Bd3 Bb4 1/2-1/2

[Event "4th HD Bank Cup 2014"]
[Site "Ho Chi Minh City VIE"]
[Date "2014.03.12"]
[Round "5.6"]
[White "Diu, Viacheslav"]
[Black "Vo, Thanh Ninh"]
[Result "1/2-1/2"]
[WhiteTitle "IM"]
[WhiteElo "2474"]
[BlackElo "2299"]
[WhiteFideId "4167465"]
[BlackFideId "12402141"]
[EventDate "2014.03.10"]

1. e4 e6 2. d4 d5 3. Nc3 Nf6 4. Bg5 Bb4 5. e5 h6 6. Be3 Ne4 7. Qg4 g6 8. a3
Bxc3+ 9. bxc3 c5 10. Bd3 cxd4 11. cxd4 Qa5+ 12. Kf1 Bd7 13. Qd1 Nc6 14. Ne2 Nc3
15. Qd2 Nxe2 16. Kxe2 Qxd2+ 17. Kxd2 Na5 18. h4 Nc4+ 19. Ke2 Nb2 20. h5 Nxd3 21.
Kxd3 Bb5+ 22. Kd2 g5 23. g4 f5 24. exf6 O-O 25. f4 gxf4 26. Bxf4 Rxf6 27. Be3
Kh7 28. Rab1 a6 29. Rbg1 Rg8 30. Rh2 Rf1 31. Rxf1 Bxf1 32. Ke1 Bb5 33. Rg2 Rf8
34. g5 hxg5 35. Rxg5 Rf5 36. Rxf5 exf5 37. Bf4 Be8 38. h6 Ba4 39. Kd2 Bb5 40.
Kc3 Ba4 41. Kb2 Bb5 42. Kb3 Bc4+ 43. Kb4 Ba2 44. Kc5 Kg6 45. Kb6 Bc4 46. Kxb7
Kh7 47. Kc6 Kg6 48. Kd6 Kh7 49. Ke6 Kg6 50. Ke7 Kh7 51. Kf6 Ba2 52. Kxf5 Bc4 1/2-1/2

[Event "4th HD Bank Cup 2014"]
[Site "Ho Chi Minh City VIE"]
[Date "2014.03.12"]
[Round "5.7"]
[White "Kuderinov, Kirill"]
[Black "Tran, Thanh Tu"]
[Result "1-0"]
[WhiteTitle "IM"]
[BlackTitle "CM"]
[WhiteElo "2454"]
[BlackElo "2277"]
[WhiteFideId "13701568"]
[BlackFideId "12401404"]
[EventDate "2014.03.10"]

1. e4 c5 2. Nf3 e6 3. c3 Nf6 4. e5 Nd5 5. d4 cxd4 6. cxd4 b6 7. Bd3 Ba6 8. O-O
Be7 9. Nc3 Nxc3 10. bxc3 Bxd3 11. Qxd3 d5 12. exd6 Qxd6 13. Ne5 O-O 14. Bf4 Qd5
15. c4 Qb7 16. d5 Nd7 17. Rad1 Nc5 18. Qf3 Bd6 19. Nc6 Bxf4 20. Qxf4 Rac8 21.
Rfe1 Rfe8 22. Re3 Qc7 23. Qh4 f6 24. Qh5 a5 25. h4 Qf7 26. Qe2 Kf8 27. Qb2 Qh5
28. Rde1 exd5 29. Ne7 Rb8 30. cxd5 Qxh4 31. d6 Qf4 32. Qe2 Red8 33. Qh5 Rxd6 34.
Ng6+ hxg6 35. Qh8+ 1-0

[Event "4th HD Bank Cup 2014"]
[Site "Ho Chi Minh City VIE"]
[Date "2014.03.12"]
[Round "5.8"]
[White "Dimakiling, Oliver"]
[Black "Kashlinskaya, Alina"]
[Result "1-0"]
[WhiteTitle "IM"]
[BlackTitle "WGM"]
[WhiteElo "2364"]
[BlackElo "2440"]
[WhiteFideId "5202248"]
[BlackFideId "4198026"]
[EventDate "2014.03.10"]

1. Nf3 Nf6 2. g3 g6 3. Bg2 Bg7 4. O-O O-O 5. d4 d6 6. Re1 Nbd7 7. e4 e5 8. h3
exd4 9. Nxd4 Re8 10. Nc3 Nc5 11. a4 a5 12. Bf4 Nh5 13. Be3 Nf6 14. f3 c6 15. Bf2
Qc7 16. f4 Bd7 17. Qd2 Rad8 18. Rad1 Bc8 19. Qc1 Rd7 20. Rd2 Rde7 21. e5 dxe5
22. Ndb5 cxb5 23. Nxb5 Qb8 24. Bxc5 Re6 25. Bd6 Qa8 26. fxe5 Bh6 27. Nc7 Qa7+
28. Kh2 Rxd6 29. exd6 Rxe1 30. Qxe1 Bxd2 31. Qxd2 Qc5 32. c3 h5 33. Qf4 Kg7 34.
b4 Qxc3 35. Qxf6+ Kxf6 36. Nd5+ Ke5 37. Nxc3 axb4 38. Na2 b3 39. Nc1 Kxd6 40.
Nxb3 b6 41. a5 bxa5 42. Nxa5 Ba6 43. Bf3 Bf1 44. Nc6 Ke6 45. Be2 Kd6 46. Bxf1
Kxc6 47. Bc4 f5 48. Bf7 h4 49. g4 fxg4 50. hxg4 g5 51. Kg2 Kc5 52. Kf3 Kd4 53.
Bg6 Ke5 54. Ke3 Kf6 55. Be4 Ke5 56. Bg2 Kf6 57. Ke4 Ke6 58. Bf1 1-0

[Event "4th HD Bank Cup 2014"]
[Site "Ho Chi Minh City VIE"]
[Date "2014.03.12"]
[Round "5.9"]
[White "Nguyen, Van Hai"]
[Black "Shyam, Nikil P."]
[Result "1/2-1/2"]
[WhiteTitle "IM"]
[BlackTitle "IM"]
[WhiteElo "2341"]
[BlackElo "2431"]
[WhiteFideId "12400122"]
[BlackFideId "5024218"]
[EventDate "2014.03.10"]

1. e4 e5 2. Nf3 Nc6 3. Bb5 a6 4. Ba4 Nf6 5. O-O Be7 6. Re1 b5 7. Bb3 d6 8. c3
O-O 9. h3 Nb8 10. d3 Bb7 11. Nbd2 Re8 12. Nf1 Bf8 13. Ng3 Nbd7 14. Bc2 g6 15. d4
Bg7 16. a4 c6 17. b3 Qc7 18. Bb2 d5 19. exd5 Nxd5 20. b4 exd4 21. Nxd4 Rxe1+ 22.
Qxe1 Ne5 23. Bb3 Nd3 24. Qd2 N5f4 25. Nge2 Bh6 26. Nxf4 Nxf4 27. Qd1 c5 28. bxc5
Bxg2 29. Bc1 Be4 30. Bxf4 Bxf4 31. axb5 Bh2+ 32. Kf1 Qxc5 33. Rxa6 Qxc3 34.
Rxa8+ Bxa8 35. Nc6 Qxh3+ 36. Ke1 Qc3+ 37. Kf1 Bxc6 38. bxc6 Qxc6 39. Qd8+ Kg7
40. Qd4+ f6 41. Qa7+ Bc7 42. Qe3 h5 43. Qe7+ Kh6 44. Qe3+ g5 45. Qd3 Qd6 46.
Qxd6 Bxd6 47. f3 f5 48. Be6 Kg6 49. Kg2 Kf6 50. Bd7 Ke5 51. Be8 h4 52. Kh3 Kf4
53. Bd7 Be7 54. Bc8 Ke5 1/2-1/2

[Event "4th HD Bank Cup 2014"]
[Site "Ho Chi Minh City VIE"]
[Date "2014.03.12"]
[Round "5.10"]
[White "Duong, The Anh"]
[Black "Lu, Shanglei"]
[Result "0-1"]
[WhiteTitle "IM"]
[BlackTitle "GM"]
[WhiteElo "2335"]
[BlackElo "2558"]
[WhiteFideId "12401277"]
[BlackFideId "8603332"]
[EventDate "2014.03.10"]

1. d4 f5 2. e4 fxe4 3. Nc3 Nf6 4. Bg5 Nc6 5. d5 Ne5 6. Qd4 d6 7. Nxe4 c6 8. Nc3
Nf7 9. h4 Qb6 10. Qd2 cxd5 11. Bb5+ Bd7 12. Be3 Qa5 13. Bxd7+ Kxd7 14. b4 Qa3
15. Nxd5 Nxd5 16. Qxd5 Qxb4+ 17. Kf1 e6 18. Qd1 Be7 19. Ne2 Qc4 20. Kg1 Rhc8 21.
c3 Bf6 22. Rh3 Ke7 23. Bd4 e5 24. Be3 Kf8 25. a4 b6 26. Rb1 Qe6 27. Qd3 Kg8 28.
Rb5 Rc4 29. a5 Rxh4 30. Rxh4 Bxh4 31. axb6 axb6 32. Rxb6 Ra1+ 33. Rb1 Rxb1+ 34.
Qxb1 g6 35. Qb8+ Kg7 36. Qc7 Qg4 37. Kf1 Qa4 38. Ke1 Qa1+ 39. Nc1 Qb2 40. g3 Bd8
41. Qc6 Qc2 42. Ne2 Bg5 43. Qb6 Qd3 44. Bxg5 Nxg5 45. Qb7+ Kf6 46. Qb2 Nf3+ 47.
Kf1 Qd1+ 48. Kg2 Nd2 0-1

[Event "4th HD Bank Cup 2014"]
[Site "Ho Chi Minh City VIE"]
[Date "2014.03.12"]
[Round "5.11"]
[White "Dao, Thien Hai"]
[Black "Liu, Xiangyi"]
[Result "1/2-1/2"]
[WhiteTitle "GM"]
[BlackTitle "FM"]
[WhiteElo "2508"]
[BlackElo "2159"]
[WhiteFideId "12400084"]
[BlackFideId "8605718"]
[EventDate "2014.03.10"]

1. d4 Nf6 2. c4 g6 3. Nc3 d5 4. cxd5 Nxd5 5. Na4 Nf6 6. Nf3 Bg7 7. e3 O-O 8. Be2
Nbd7 9. O-O a6 10. b4 e5 11. Bb2 e4 12. Nd2 Qe7 13. a3 Nd5 14. Qb3 N7f6 15. Rac1
c6 16. Nc5 Bf5 17. a4 h5 18. b5 axb5 19. axb5 cxb5 20. Bxb5 Rfd8 21. Ra1 Rxa1
22. Rxa1 b6 23. Na4 Ng4 24. g3 h4 25. Bc4 Be6 26. Nxb6 Nxb6 27. Qxb6 Bxc4 28.
Nxc4 Rc8 29. Ra7 Qe6 30. Qxe6 fxe6 31. Ra4 h3 32. Bc3 Bf8 33. Be1 Kg7 34. Ra7+
Kg8 35. Ra4 Be7 36. Bd2 Rf8 37. Ne5 Rxf2 38. Nxg4 Rxd2 39. Ra8+ Kf7 40. Ne5+ Kf6
41. Rg8 Bb4 42. Rxg6+ Ke7 43. Rg7+ Kf6 44. Rf7+ Kg5 45. Rf2 Rd1+ 46. Rf1 Rd2 47.
Nf7+ Kg6 48. Ne5+ Kg5 49. Rf2 1/2-1/2

[Event "4th HD Bank Cup 2014"]
[Site "Ho Chi Minh City VIE"]
[Date "2014.03.12"]
[Round "5.12"]
[White "Hoang, Canh Huan"]
[Black "Nguyen, Anh Dung"]
[Result "0-1"]
[WhiteTitle "FM"]
[BlackTitle "GM"]
[WhiteElo "2321"]
[BlackElo "2469"]
[WhiteFideId "12400599"]
[BlackFideId "12400025"]
[EventDate "2014.03.10"]

1. Nf3 d5 2. c4 c6 3. b3 Bf5 4. g3 e6 5. Bg2 h6 6. O-O Nf6 7. Bb2 Nbd7 8. d3 Bc5
9. Nbd2 O-O 10. a3 a5 11. Ne5 Nxe5 12. Bxe5 Qe7 13. Qc1 Nd7 14. Bb2 Rfd8 15. Rd1
Bg6 16. d4 Ba7 17. Bc3 Bb6 18. Qb2 Nf6 19. b4 axb4 20. axb4 Rxa1 21. Rxa1 dxc4
22. Nxc4 Bc7 23. b5 Nd5 24. Be1 c5 25. b6 Bb8 26. e4 Nb4 27. Bxb4 cxb4 28. e5 f6
29. Re1 fxe5 30. Nxe5 Bxe5 31. Rxe5 Qd6 32. Rb5 Qxd4 33. Qxd4 Rxd4 34. Bxb7 Bd3
35. Bd5 Bxb5 36. b7 Rxd5 37. b8=Q+ Kh7 38. Qf4 b3 39. Qb4 Rd1+ 40. Kg2 Bc6+ 41.
Kh3 Bd5 42. Qc3 Rh1 43. Qd3+ Kg8 44. Qc3 Rf1 45. Qb2 Re1 46. Kg4 Re4+ 47. Kh3
Rc4 48. f4 Rc2 49. Qb1 Rf2 50. g4 Rxf4 51. Kg3 Rf3+ 52. Kh4 Rf2 53. h3 b2 54. g5
hxg5+ 55. Kxg5 Re2 56. Qd1 Rg2+ 57. Kf4 Rf2+ 58. Kg4 Bf3+ 0-1

[Event "4th HD Bank Cup 2014"]
[Site "Ho Chi Minh City VIE"]
[Date "2014.03.12"]
[Round "5.13"]
[White "Tin, Jingyao"]
[Black "Yap, Kim Steven"]
[Result "0-1"]
[WhiteTitle "FM"]
[BlackTitle "IM"]
[WhiteElo "2225"]
[BlackElo "2407"]
[WhiteFideId "5804418"]
[BlackFideId "5202809"]
[EventDate "2014.03.10"]

1. d4 g6 2. c4 Bg7 3. Nc3 d6 4. e4 Nc6 5. d5 Nd4 6. Nge2 c5 7. Be3 Qb6 8. Qd2 e5
9. dxe6 fxe6 10. Rd1 e5 11. Nd5 Qd8 12. Nec3 Nf6 13. Bd3 Bg4 14. Rb1 Qd7 15.
Nxf6+ Bxf6 16. Be2 O-O 17. O-O Be6 18. b4 Bd8 19. Nd5 Rf7 20. bxc5 dxc5 21. f4
exf4 22. Bxd4 cxd4 23. Qxd4 b6 24. Rbd1 Be7 25. Kh1 Raf8 26. Qe5 Bd6 27. Qg5 Be7
28. Qe5 Bd6 29. Qg5 Qe8 30. h4 Bc8 31. h5 Qe5 32. Qxe5 Bxe5 33. h6 Be6 34. a4
Rc8 35. Rd2 Rc5 36. g3 fxg3 37. Rxf7 Kxf7 38. Kg2 Ke8 39. Rd1 Bd7 40. Ne3 Bxa4
41. Rd3 Bc6 42. Bf3 Ra5 43. Ng4 Ra2+ 44. Kh3 Bf4 45. Nf6+ Ke7 46. Nd5+ Bxd5 47.
cxd5 g5 48. Kg4 g2 49. Bxg2 Rxg2+ 0-1

[Event "4th HD Bank Cup 2014"]
[Site "Ho Chi Minh City VIE"]
[Date "2014.03.12"]
[Round "5.14"]
[White "Tran, Manh Tien"]
[Black "Vijayalakshmi, Subbaraman"]
[Result "1-0"]
[BlackTitle "IM"]
[WhiteElo "2304"]
[BlackElo "2365"]
[WhiteFideId "12401897"]
[BlackFideId "5004098"]
[EventDate "2014.03.10"]

1. Nf3 Nf6 2. c4 e6 3. g3 c5 4. Bg2 Nc6 5. O-O d5 6. b3 Be7 7. cxd5 Nxd5 8. Bb2
Bf6 9. Nc3 O-O 10. Qc1 b6 11. Nxd5 exd5 12. d4 Ba6 13. Re1 c4 14. bxc4 dxc4 15.
Qc3 b5 16. a3 Qb6 17. e4 Rfd8 18. Red1 Na5 19. e5 Be7 20. d5 b4 21. axb4 Bxb4
22. Qc2 Bb7 23. e6 f6 24. Rab1 Rac8 25. Nh4 c3 26. Ba3 Bxa3 27. Rxb6 axb6 28.
Be4 Nc4 29. Bxh7+ Kh8 30. Ng6+ Kxh7 31. Rd4 Bc1 32. Ne7+ Kh8 33. Rh4+ Bh6 34.
Qg6 1-0

[Event "4th HD Bank Cup 2014"]
[Site "Ho Chi Minh City VIE"]
[Date "2014.03.12"]
[Round "5.15"]
[White "Tran, Tuan Minh"]
[Black "Le, Hoang Tran Chau"]
[Result "0-1"]
[WhiteTitle "FM"]
[BlackTitle "WFM"]
[WhiteElo "2353"]
[BlackElo "2124"]
[WhiteFideId "12401820"]
[BlackFideId "12401854"]
[EventDate "2014.03.10"]

1. d4 Nf6 2. Nc3 d5 3. Bg5 e6 4. e4 dxe4 5. Bxf6 Qxf6 6. Nxe4 Qg6 7. Qf3 Bd7 8.
Qf4 Bc6 9. f3 Nd7 10. O-O-O O-O-O 11. h4 Nf6 12. Bd3 Nh5 13. Qe3 Bxe4 14. fxe4
Qxg2 15. Ne2 Qg6 16. Rhg1 Qf6 17. Rdf1 Qe7 18. Qf3 g6 19. Qxf7 Bh6+ 20. Kb1 Qxf7
21. Rxf7 Be3 22. Rgf1 Bxd4 23. Nxd4 Rxd4 24. Re7 Rd7 25. Rxe6 Kd8 26. Kc1 Re7
27. Rxe7 Kxe7 28. Kd2 Rf8 29. Rxf8 Kxf8 30. Ke3 Ke7 31. Be2 Ng7 32. Kf4 Ne6+ 33.
Ke5 Nd8 34. Bc4 Nf7+ 35. Kf4 Kf6 36. Bd5 b6 37. b4 Ne5 38. a4 c5 39. bxc5 bxc5
40. a5 h6 41. a6 g5+ 42. hxg5+ hxg5+ 43. Ke3 Nd7 44. Kf3 Ne5+ 45. Ke3 Ke7 46.
Bg8 Kd6 47. Bd5 Nd7 48. c3 Ke5 49. Kf3 Nf6 50. Bc6 g4+ 51. Ke3 g3 52. c4 g2 53.
Kf2 Nxe4+ 54. Kxg2 Kd4 55. Kf3 Nd2+ 56. Ke2 Nxc4 57. Kd1 Kc3 58. Kc1 Ne5 59. Bd5
c4 60. Be6 Nd3+ 61. Kd1 Nc5 62. Bc8 Kb2 0-1

[Event "4th HD Bank Cup 2014"]
[Site "Ho Chi Minh City VIE"]
[Date "2014.03.12"]
[Round "5.16"]
[White "Tran, Quoc Dung"]
[Black "Shyam, Sundar M."]
[Result "0-1"]
[BlackTitle "GM"]
[WhiteElo "2270"]
[BlackElo "2507"]
[WhiteFideId "12400645"]
[BlackFideId "5019141"]
[EventDate "2014.03.10"]

1. d4 Nf6 2. c4 g6 3. Bg5 Bg7 4. Nc3 O-O 5. e4 c5 6. d5 d6 7. Qd2 Qa5 8. Bd3
Nbd7 9. f4 a6 10. Nf3 b5 11. O-O bxc4 12. Bc2 Rb8 13. Rab1 Re8 14. Qe2 h6 15.
Bxf6 exf6 16. Nd2 f5 17. Nxc4 Qc7 18. Qf3 Rb4 19. b3 Nb6 20. Nxb6 Qxb6 21. Na4
fxe4 22. Bxe4 Qd8 23. Bc2 Re3 24. Qd1 Qh4 25. Kh1 Rxf4 26. Nb6 Rd4 0-1

[Event "4th HD Bank Cup 2014"]
[Site "Ho Chi Minh City VIE"]
[Date "2014.03.12"]
[Round "5.17"]
[White "Hoang, Thi Bao Tram"]
[Black "Tu, Hoang Thong"]
[Result "1/2-1/2"]
[WhiteTitle "WGM"]
[BlackTitle "GM"]
[WhiteElo "2269"]
[BlackElo "2434"]
[WhiteFideId "12401102"]
[BlackFideId "12400076"]
[EventDate "2014.03.10"]

1. Nf3 d5 2. c4 e6 3. g3 dxc4 4. Qa4+ Nd7 5. Bg2 c5 6. Qxc4 b6 7. O-O Bb7 8. Nc3
Ngf6 9. d4 Rc8 10. Bf4 a6 11. Rad1 b5 12. Qd3 b4 13. Nb1 Qa5 14. Ne5 Bxg2 15.
Kxg2 Qxa2 16. b3 Be7 17. Nxd7 Nxd7 18. Nd2 Qa5 19. Nc4 Qb5 20. Nd6+ Bxd6 21.
Qxb5 axb5 22. Bxd6 Rc6 23. dxc5 Nxc5 24. Rc1 Rxd6 25. Rxc5 Ke7 26. Rxb5 Rc8 27.
Rxb4 Rd2 28. Rb7+ Kf6 29. Ra1 Rxe2 30. Raa7 Rf8 31. b4 Rb2 1/2-1/2

[Event "4th HD Bank Cup 2014"]
[Site "Ho Chi Minh City VIE"]
[Date "2014.03.12"]
[Round "5.18"]
[White "Nitin, S."]
[Black "Pham, Duc Thang"]
[Result "0-1"]
[WhiteTitle "IM"]
[BlackTitle "FM"]
[WhiteElo "2378"]
[BlackElo "2201"]
[WhiteFideId "5018277"]
[BlackFideId "12401420"]
[EventDate "2014.03.10"]

1. e4 c5 2. Nf3 Nf6 3. e5 Nd5 4. d4 cxd4 5. Qxd4 e6 6. g3 Nc6 7. Qe4 Qa5+ 8. c3
Nde7 9. Nbd2 Ng6 10. Nc4 Qc7 11. h4 f6 12. Bf4 Nxf4 13. Qxf4 b5 14. Nd6+ Bxd6
15. exd6 Qb6 16. Bg2 Bb7 17. O-O O-O 18. Rad1 Rac8 19. h5 Na5 20. h6 g6 21. Qd4
Qxd4 22. Nxd4 Bxg2 23. Kxg2 a6 24. b4 Nb7 25. Rd3 Kf7 26. a4 bxa4 27. Ra1 e5 28.
Ne2 Rc6 29. Rxa4 Nxd6 30. Ra1 Rd8 31. Rad1 Ke7 32. Re1 Nb5 33. f4 d6 34. g4 Rdc8
35. g5 f5 36. fxe5 dxe5 37. Rd5 Re6 38. Red1 Nd6 39. Ra1 Nc4 40. Kf2 Rc7 41. b5
Nb6 42. Rdd1 axb5 43. Rdb1 Nc4 44. Rxb5 Nd6 45. Rb4 Ne4+ 46. Rxe4 fxe4 47. Ra8
Rd6 48. Ke3 Rc4 49. Kf2 Rd8 50. Ra7+ Rd7 51. Ra6 Kd8 52. Rf6 Rd3 53. Kg2 Re3 54.
Ng1 Rcxc3 55. Rxg6 Rc2+ 56. Kh1 Rg3 57. Rg8+ Ke7 58. Rg7+ Ke6 59. g6 Rxg6 0-1

[Event "4th HD Bank Cup 2014"]
[Site "Ho Chi Minh City VIE"]
[Date "2014.03.12"]
[Round "5.19"]
[White "Tu, Hoang Thai"]
[Black "Emojong, Elijah"]
[Result "1-0"]
[WhiteTitle "IM"]
[BlackTitle "IM"]
[WhiteElo "2250"]
[BlackElo "2350"]
[WhiteFideId "12400351"]
[BlackFideId "10000402"]
[EventDate "2014.03.10"]

1. d4 Nf6 2. Bg5 Ne4 3. Bf4 c5 4. d5 Qb6 5. Bc1 e6 6. f3 Nf6 7. e4 exd5 8. exd5
Bd6 9. c4 O-O 10. Bd3 Qc7 11. Nc3 a6 12. Bg5 Nh5 13. Nge2 h6 14. Be3 Bxh2 15.
Qd2 Bg3+ 16. Kd1 f5 17. Rxh5 f4 18. d6 fxe3 19. dxc7 exd2 20. Nxg3 Nc6 21. Rxc5
d6 22. Rd5 Be6 23. Rxd6 Bf7 24. Nd5 Rac8 25. Bf5 Rce8 26. Kxd2 Na7 27. Nb6 Re7
28. c8=Q Nxc8 29. Bxc8 Bxc4 30. Bxb7 Bf7 31. Bxa6 h5 32. Bd3 Rfe8 33. Nf5 Re5
34. a4 Kh8 35. a5 Be6 36. Nd4 Bg8 37. a6 Rg5 38. Rg6 Rge5 39. a7 Bd5 40. Nxd5
Rxd5 41. a8=Q 1-0

[Event "4th HD Bank Cup 2014"]
[Site "Ho Chi Minh City VIE"]
[Date "2014.03.12"]
[Round "5.20"]
[White "Pham, Le Thao Nguyen"]
[Black "Le, Kieu Thien Kim"]
[Result "1/2-1/2"]
[WhiteTitle "IM"]
[BlackTitle "WIM"]
[WhiteElo "2349"]
[BlackElo "2199"]
[WhiteFideId "12401226"]
[BlackFideId "12400572"]
[EventDate "2014.03.10"]

1. d4 d5 2. c4 c6 3. Nf3 Nf6 4. Qb3 Qb6 5. c5 Qxb3 6. axb3 Bf5 7. Nc3 Nbd7 8. b4
a6 9. h3 h5 10. Bf4 Rc8 11. e3 e6 12. Nd2 Be7 13. Nb3 Bd8 14. Na5 Bxa5 15. bxa5
O-O 16. f3 Rfe8 17. Bd6 e5 18. Kf2 Re6 19. Ne2 Ne8 20. Bxe5 Nxe5 21. dxe5 Rxe5
22. Nd4 Bh7 23. Ra3 Re7 24. Rb3 Nf6 25. Be2 Rec7 26. Rc1 Nd7 27. Rcc3 Re8 28.
Rb4 Re7 29. g4 hxg4 30. hxg4 Bg6 31. Bf1 Nf8 32. Rb6 Nd7 33. Rb4 Nf8 34. Rb6 Nd7
35. Rb4 1/2-1/2

[Event "4th HD Bank Cup 2014"]
[Site "Ho Chi Minh City VIE"]
[Date "2014.03.12"]
[Round "5.21"]
[White "Ton, That Nhu Tung"]
[Black "Sukandar, Irine Kharisma"]
[Result "1-0"]
[WhiteTitle "IM"]
[BlackTitle "WGM"]
[WhiteElo "2235"]
[BlackElo "2343"]
[WhiteFideId "12401439"]
[BlackFideId "7101937"]
[EventDate "2014.03.10"]

1. d4 Nf6 2. c4 e6 3. g3 d5 4. Nf3 dxc4 5. Bg2 Nc6 6. Qa4 Bb4+ 7. Bd2 Nd5 8.
Bxb4 Nxb4 9. O-O a6 10. Ne5 O-O 11. Nxc6 Nxc6 12. Bxc6 bxc6 13. Qxc4 Rb8 14. Qc3
e5 15. dxe5 Bh3 16. Re1 Qd5 17. e4 Qb5 18. b3 Rfe8 19. Na3 Qxe5 20. Qxe5 Rxe5
21. Nc4 Rc5 22. Rac1 Kf8 23. f3 Be6 24. Nb2 Rxc1 25. Rxc1 Rd8 26. Rc2 Ke7 27.
Kf2 f5 28. Ke3 fxe4 29. fxe4 Bd7 30. Nd3 Rf8 31. Nb4 Rf1 32. Nxa6 Be8 33. Nc5
Bh5 34. Nd3 Kd6 35. Rf2 Ra1 36. Rd2 Ke7 37. Kd4 Kd6 38. Kc3 Ke7 39. a4 Bf3 40.
Kb2 Rf1 41. Nc5 Bg4 42. a5 Rf8 43. Kc3 Ra8 44. b4 Kf6 45. Rf2+ Ke7 46. Rf4 Bh5
47. e5 Bf7 48. e6 Bg6 49. Rd4 Be8 50. g4 h6 51. h4 Rc8 52. g5 h5 53. a6 Ra8 54.
Kb3 Ra7 55. Ka4 Rxa6+ 56. Nxa6 c5+ 57. Rd7+ Bxd7+ 58. exd7 Kxd7 59. bxc5 1-0

[Event "4th HD Bank Cup 2014"]
[Site "Ho Chi Minh City VIE"]
[Date "2014.03.12"]
[Round "5.22"]
[White "Bersamina, Paulo"]
[Black "Nguyen, Phuoc Tam"]
[Result "1/2-1/2"]
[WhiteTitle "FM"]
[WhiteElo "2326"]
[BlackElo "2055"]
[WhiteFideId "5206995"]
[BlackFideId "12402109"]
[EventDate "2014.03.10"]

1. e4 c5 2. Nc3 Nc6 3. f4 e6 4. Nf3 d5 5. Bb5 d4 6. Bxc6+ bxc6 7. Nb1 Bd6 8. d3
Ne7 9. O-O O-O 10. b3 Ng6 11. g3 f5 12. e5 Bc7 13. a4 Ba5 14. Na3 Ba6 15. Ng5
Qe8 16. Nc4 Bxc4 17. dxc4 Rd8 18. Ba3 Bb4 19. a5 a6 20. Bxb4 cxb4 21. c5 h6 22.
Nf3 Qe7 23. Rf2 Qxc5 24. Qd3 Qc3 25. Rd1 Qxd3 26. cxd3 Rd5 27. Rc2 Ne7 28. Rc4
c5 29. Rdc1 Rc8 30. R4c2 g5 31. Nd2 Ng6 32. Nc4 Rc6 33. Rf1 gxf4 34. gxf4 Rd8
35. Kg2 Kh7 36. Nb6 Rc7 37. Na4 Rg8 38. Kh3 Rgc8 39. Nb6 Rg8 40. Na4 Rcg7 41.
Nxc5 Nf8 42. Na4 Ng6 43. Kg3 Rc7 44. Kh3 Rgc8 1/2-1/2